000 00390nam a2200133Ia 4500
008 230917s9999||||xx |||||||||||||| ||und||
040 _e92978
_aMAIN
041 _aEnglish
082 _a617 M588E
100 _aMiglani, Harinder Pal
245 0 _aEffect of Rhubarb (a chinese herbal medicine) on renal functions in patients of resistant glomerulonephritis
300 _a92 p.
942 _cTH
999 _c88783
_d88783